Largest UK Cities - Statistics

General Stats
  • This quiz has been taken 26 times
    6 since last reset
  • The average score is 12 of 14
Answer Stats
Population Answer % Correct
2.7M Birmingham
100%
622K Glasgow
100%
928K Liverpool
100%
9.2M London
100%
2.8M Manchester
100%
617K Bristol
83%
495K Cardiff
83%
465K Edinburgh
83%
455K Leeds
83%
834K Newcastle
83%
652K Belfast
67%
729K Nottingham
67%
575K Leicester
50%
685K Sheffield
50%
No matching quizzes found
Score Distribution
Percent of People with Each Score
Percentile by Number Answered
Your Score History
You have not taken this quiz since the last reset